000 00667nam a22001337a 4500
040 _cRUA
082 _aLMA KRO 2022 B1-498 Or.
100 _aKROUCH VIRAKYOT ក្រូច វិរះយុត
245 _aBOREY DEVELOPMENT IN SANG KAT STEMG MEANCHEY, KHAN MEANCHEY, PHNOM PENH CITY ការអភិវឌ្ឍបុរីនៅក្នុងសង្កាត់ស្ទឹងមានជ័យ ខណ្ខមានជ័យ​ រាជធានីភ្នំពេញ
260 _aPHNOM PENH
_bRUA
_c2022
300 _aX. 35P
_bVIII.
_c29CM
856 _uhttps://drive.google.com/file/d/17888kSpc_KEBEJpwOnP4Bb0ci_KbQQvX/view?usp=sharing
942 _cLMA
999 _c23169
_d23169